Standing for parliament: Do black Asian and minority ethnic candidates pay extra? (Record no. 99044)

000 -LEADER
fixed length control field 00480pab a2200181 454500
008 - FIXED-LENGTH DATA ELEMENTS--GENERAL INFORMATION
fixed length control field 180718b2013 xxu||||| |||| 00| 0 eng d
100 ## - MAIN ENTRY--PERSONAL NAME
Personal name Stegmaier, mary
245 ## - TITLE STATEMENT
Title Standing for parliament: Do black Asian and minority ethnic candidates pay extra?
260 ## - PUBLICATION, DISTRIBUTION, ETC.
Date of publication, distribution, etc. 2013
300 ## - PHYSICAL DESCRIPTION
Extent p.268-285.
362 ## - DATES OF PUBLICATION AND/OR SEQUENTIAL DESIGNATION
Dates of publication and/or sequential designation Apr
650 ## - SUBJECT ADDED ENTRY--TOPICAL TERM
Topical term or geographic name entry element Ethnic groups
700 ## - ADDED ENTRY--PERSONAL NAME
Personal name Smets, Kaat
700 ## - ADDED ENTRY--PERSONAL NAME
Personal name Lewis-Beck, Michael S.
773 ## - HOST ITEM ENTRY
Main entry heading Parliamentary Affairs
908 ## - PUT COMMAND PARAMETER (RLIN)
Put command parameter N
909 ## -
-- 99045
Holdings
Withdrawn status Lost status Damaged status Not for loan Permanent Location Current Location Date acquired Serial Enumeration / chronology Barcode Date last seen Price effective from Koha item type
        Indian Institute of Public Administration Indian Institute of Public Administration 2018-07-19 Volume no: 66, Issue no: 2 AR99505 2018-07-19 2018-07-19 Articles

Powered by Koha